Bojnice kúpele zámok : Liečebný dom Baník : Liečebný dom Mier : ubytovacie zariadenie Slávia

Zobrazenie:

Bibliographic Details
Other Authors: Tarábek, Ján, 1978- (Photographer)
Format: Photo
Language:Slovak
German
PhysicalDescription:1 pohľadnica (4 čiastkové pohľady) farebná 11 x 15 cm
Published: [Nitra] FOTAR [2006?]
Subjects:

MARC

LEADER 00000ckm a2200000 a 4500
001 vtls008629456
003 SK-MaSNL
005 20260331204657.0
007 kf co
008 230706q2006 xo g kuslo
015 |a SNBG2007/03-00717 
035 |a 75DCE99C-A9FF-4FBF-A718-4B877D27DB0E 
035 |a urn:nbn:sk:snk-km004bvy 
035 |a urn:nbn:sk:snk-kmtgpw 
040 |a SNK  |b slo  |c SNK  |e AACR2 
041 0 |a slo  |a ger 
043 |a e-xo--- 
044 |a xo  |c SK 
072 7 |a 913  |x Regionálna geografia  |2 konspekt 
080 |a 913(437.6)  |2 2011 
080 |a 904(084.121)  |2 2011 
080 |a 913(437.6)  |2 2001 
080 |a (084.121)  |2 2001 
100 1 |a Tarábek, Ján,  |d 1978-  |4 pht  |9 178454 
245 1 0 |a Bojnice kúpele  |h grafika  |b zámok : Liečebný dom Baník : Liečebný dom Mier : ubytovacie zariadenie Slávia  |c foto Ján Tarábek 
246 3 1 |a Heilbad Bojnice  |b Schloss Bojnice : Kurhaus Banik : Kurhaus Mier : Unterkunftanstallt Slávia 
246 1 |i Názov na obrazovej časti:  |a Bojnice  |b kúpele 
260 |a [Nitra]  |b FOTAR  |c [2006?]  |e Skalica  |f Grafobal 
300 |a 1 pohľadnica (4 čiastkové pohľady)  |b farebná  |c 11 x 15 cm 
500 |a Na adresnej časti uvedené: "FOTO © Ing. Ján Tarábek" 
500 |a Rok vydania určený na základe prírastkového čísla 
500 |a Na adresnej časti uvedené: "Kúpele Bojnice, a.s., 972 01 Bojnice", telefónne číslo, fax, email a www stránka kúpeľov 
520 8 |a Zobrazenie: 
546 |a Súbežný názov a podnázov na adresnej časti v nemčine 
610 2 7 |a Kúpele Bojnice (Slovensko)  |2 SNKKA  |9 263585 
651 7 |a Bojnice (Slovensko)  |2 SNKPHgeo  |9 30288 
655 7 |a miestne pohľadnice  |2 SNKPH  |9 70510 
655 7 |a pohľadnice kultúrnych pamiatok  |2 SNKPH  |9 70523 
852 |a Slovenská národná knižnica 
958 |a GBN 
958 |a GC 
999 |c 824102  |d 826032 
952 |a SNK  |b SNK  |y PREZ  |7 0  |p 17A0499699  |o snkSP 151880  |i snk2006/5032  |8 0  |0 0  |1 0  |4 0  |d 2006-03-08  |f 1  |l 0  |r 2026-02-24 03:16:11  |w 2026-02-24 
952 |a SNK  |b SNK  |y PREZ  |7 0  |p 17A0499700  |o snkSP 151880 D1  |i snk2006/5033  |8 0  |0 0  |1 0  |4 0  |d 2006-03-08  |l 0  |r 2026-02-24 03:16:11  |w 2026-02-24